000 00403nam a2200145Ia 4500
008 100204s9999 xx 000 0 und d
082 _b2429
100 _aआचार्य नयना
245 _aभूषण
260 _b"दिपज्योती प्रकाशन , पुणे"
_c1979
300 _a209
630 _aभूषण
730 _aभूषण
942 _cBOOK
999 _c447517
_d447514